<?xml version="1.0" encoding="UTF-8"?>
<record
    xmlns:xsi="http://www.w3.org/2001/XMLSchema-instance"
    xsi:schemaLocation="http://www.loc.gov/MARC21/slim http://www.loc.gov/standards/marcxml/schema/MARC21slim.xsd"
    xmlns="http://www.loc.gov/MARC21/slim">

  <leader>00406nam a2200157Ia 4500</leader>
  <controlfield tag="003">SGT</controlfield>
  <datafield tag="082" ind1=" " ind2=" ">
    <subfield code="a">5.73</subfield>
    <subfield code="b">HOR</subfield>
  </datafield>
  <datafield tag="100" ind1=" " ind2=" ">
    <subfield code="a">Horowitz,Ellis</subfield>
  </datafield>
  <datafield tag="245" ind1=" " ind2=" ">
    <subfield code="a">Fundamentals of Data Structures</subfield>
  </datafield>
  <datafield tag="260" ind1=" " ind2=" ">
    <subfield code="b">Galgotia Publications Pvt. Ltd.</subfield>
    <subfield code="a">N.Delhi</subfield>
    <subfield code="c">1976</subfield>
  </datafield>
  <datafield tag="300" ind1=" " ind2=" ">
    <subfield code="a">564p.</subfield>
  </datafield>
  <datafield tag="650" ind1=" " ind2=" ">
    <subfield code="a">COMPUTER SCIENCE </subfield>
  </datafield>
  <datafield tag="653" ind1=" " ind2=" ">
    <subfield code="a">ARRAYS, STACKS AND QUEUES, LINKED LISTS </subfield>
  </datafield>
  <datafield tag="700" ind1=" " ind2=" ">
    <subfield code="a">Sahni,Sartaj</subfield>
  </datafield>
  <datafield tag="942" ind1=" " ind2=" ">
    <subfield code="2">ddc</subfield>
    <subfield code="c">BK</subfield>
    <subfield code="0">4</subfield>
  </datafield>
  <datafield tag="952" ind1=" " ind2=" ">
    <subfield code="0">0</subfield>
    <subfield code="1">0</subfield>
    <subfield code="2">ddc</subfield>
    <subfield code="4">0</subfield>
    <subfield code="7">0</subfield>
    <subfield code="a">FE</subfield>
    <subfield code="b">FE</subfield>
    <subfield code="d">2011-06-24</subfield>
    <subfield code="i">SGTU</subfield>
    <subfield code="l">0</subfield>
    <subfield code="o">5.73 HOR</subfield>
    <subfield code="p">FE2967</subfield>
    <subfield code="r">2015-02-09 00:00:00</subfield>
    <subfield code="w">2015-02-09</subfield>
    <subfield code="y">BK</subfield>
  </datafield>
  <datafield tag="952" ind1=" " ind2=" ">
    <subfield code="0">0</subfield>
    <subfield code="1">0</subfield>
    <subfield code="2">ddc</subfield>
    <subfield code="4">0</subfield>
    <subfield code="7">0</subfield>
    <subfield code="a">FE</subfield>
    <subfield code="b">FE</subfield>
    <subfield code="d">2011-06-24</subfield>
    <subfield code="i">SGTU</subfield>
    <subfield code="l">3</subfield>
    <subfield code="o">5.73 HOR</subfield>
    <subfield code="p">FE2968</subfield>
    <subfield code="r">2019-09-26 00:00:00</subfield>
    <subfield code="s">2019-09-05</subfield>
    <subfield code="w">2015-02-09</subfield>
    <subfield code="y">BK</subfield>
  </datafield>
  <datafield tag="952" ind1=" " ind2=" ">
    <subfield code="0">0</subfield>
    <subfield code="1">0</subfield>
    <subfield code="2">ddc</subfield>
    <subfield code="4">0</subfield>
    <subfield code="7">0</subfield>
    <subfield code="a">FE</subfield>
    <subfield code="b">FE</subfield>
    <subfield code="d">2011-06-24</subfield>
    <subfield code="i">SGTU</subfield>
    <subfield code="l">0</subfield>
    <subfield code="o">5.73 HOR</subfield>
    <subfield code="p">FE2969</subfield>
    <subfield code="r">2015-02-09 00:00:00</subfield>
    <subfield code="w">2015-02-09</subfield>
    <subfield code="y">BK</subfield>
  </datafield>
  <datafield tag="952" ind1=" " ind2=" ">
    <subfield code="0">0</subfield>
    <subfield code="1">0</subfield>
    <subfield code="2">ddc</subfield>
    <subfield code="4">0</subfield>
    <subfield code="7">0</subfield>
    <subfield code="a">FE</subfield>
    <subfield code="b">FE</subfield>
    <subfield code="d">2011-06-24</subfield>
    <subfield code="i">SGTU</subfield>
    <subfield code="l">6</subfield>
    <subfield code="m">1</subfield>
    <subfield code="o">5.73 HOR</subfield>
    <subfield code="p">FE2970</subfield>
    <subfield code="r">2022-05-16 00:00:00</subfield>
    <subfield code="s">2022-04-29</subfield>
    <subfield code="w">2015-02-09</subfield>
    <subfield code="y">BK</subfield>
  </datafield>
  <datafield tag="952" ind1=" " ind2=" ">
    <subfield code="0">0</subfield>
    <subfield code="1">0</subfield>
    <subfield code="2">ddc</subfield>
    <subfield code="4">0</subfield>
    <subfield code="7">0</subfield>
    <subfield code="a">FE</subfield>
    <subfield code="b">FE</subfield>
    <subfield code="d">2011-06-24</subfield>
    <subfield code="i">SGTU</subfield>
    <subfield code="l">0</subfield>
    <subfield code="o">5.73 HOR</subfield>
    <subfield code="p">FE2971</subfield>
    <subfield code="r">2015-02-09 00:00:00</subfield>
    <subfield code="w">2015-02-09</subfield>
    <subfield code="y">BK</subfield>
  </datafield>
  <datafield tag="952" ind1=" " ind2=" ">
    <subfield code="0">1</subfield>
    <subfield code="1">0</subfield>
    <subfield code="2">ddc</subfield>
    <subfield code="4">0</subfield>
    <subfield code="7">0</subfield>
    <subfield code="a">FE</subfield>
    <subfield code="b">FE</subfield>
    <subfield code="d">2011-06-24</subfield>
    <subfield code="i">SGTU</subfield>
    <subfield code="o">5.73 HOR</subfield>
    <subfield code="p">FE2972</subfield>
    <subfield code="r">2015-02-09 00:00:00</subfield>
    <subfield code="w">2015-02-09</subfield>
    <subfield code="y">BK</subfield>
  </datafield>
  <datafield tag="952" ind1=" " ind2=" ">
    <subfield code="0">0</subfield>
    <subfield code="1">0</subfield>
    <subfield code="2">ddc</subfield>
    <subfield code="4">0</subfield>
    <subfield code="7">0</subfield>
    <subfield code="a">FE</subfield>
    <subfield code="b">FE</subfield>
    <subfield code="d">2011-06-24</subfield>
    <subfield code="i">SGTU</subfield>
    <subfield code="l">3</subfield>
    <subfield code="m">1</subfield>
    <subfield code="o">5.73 HOR</subfield>
    <subfield code="p">FE3177</subfield>
    <subfield code="r">2022-03-21 00:00:00</subfield>
    <subfield code="s">2022-03-03</subfield>
    <subfield code="w">2015-02-09</subfield>
    <subfield code="y">BK</subfield>
  </datafield>
  <datafield tag="952" ind1=" " ind2=" ">
    <subfield code="0">0</subfield>
    <subfield code="1">0</subfield>
    <subfield code="2">ddc</subfield>
    <subfield code="4">0</subfield>
    <subfield code="7">0</subfield>
    <subfield code="a">FE</subfield>
    <subfield code="b">FE</subfield>
    <subfield code="d">2011-06-24</subfield>
    <subfield code="i">SGTU</subfield>
    <subfield code="l">1</subfield>
    <subfield code="o">5.73 HOR</subfield>
    <subfield code="p">FE3178</subfield>
    <subfield code="r">2022-02-11 00:00:00</subfield>
    <subfield code="s">2022-02-09</subfield>
    <subfield code="w">2015-02-09</subfield>
    <subfield code="y">BK</subfield>
  </datafield>
  <datafield tag="952" ind1=" " ind2=" ">
    <subfield code="0">0</subfield>
    <subfield code="1">0</subfield>
    <subfield code="2">ddc</subfield>
    <subfield code="4">0</subfield>
    <subfield code="7">0</subfield>
    <subfield code="a">FE</subfield>
    <subfield code="b">FE</subfield>
    <subfield code="d">2011-06-24</subfield>
    <subfield code="i">SGTU</subfield>
    <subfield code="l">1</subfield>
    <subfield code="o">5.73 HOR</subfield>
    <subfield code="p">FE3179</subfield>
    <subfield code="r">2018-12-11 00:00:00</subfield>
    <subfield code="s">2018-08-08</subfield>
    <subfield code="w">2015-02-09</subfield>
    <subfield code="y">BK</subfield>
  </datafield>
  <datafield tag="952" ind1=" " ind2=" ">
    <subfield code="0">0</subfield>
    <subfield code="1">0</subfield>
    <subfield code="2">ddc</subfield>
    <subfield code="4">0</subfield>
    <subfield code="7">0</subfield>
    <subfield code="a">FE</subfield>
    <subfield code="b">FE</subfield>
    <subfield code="d">2011-06-24</subfield>
    <subfield code="i">SGTU</subfield>
    <subfield code="l">0</subfield>
    <subfield code="o">5.73 HOR</subfield>
    <subfield code="p">FE3180</subfield>
    <subfield code="r">2015-02-09 00:00:00</subfield>
    <subfield code="w">2015-02-09</subfield>
    <subfield code="y">BK</subfield>
  </datafield>
  <datafield tag="952" ind1=" " ind2=" ">
    <subfield code="0">0</subfield>
    <subfield code="1">0</subfield>
    <subfield code="2">ddc</subfield>
    <subfield code="4">0</subfield>
    <subfield code="7">0</subfield>
    <subfield code="a">FE</subfield>
    <subfield code="b">FE</subfield>
    <subfield code="d">2011-06-24</subfield>
    <subfield code="i">SGTU</subfield>
    <subfield code="l">0</subfield>
    <subfield code="o">5.73 HOR</subfield>
    <subfield code="p">FE3181</subfield>
    <subfield code="r">2015-02-09 00:00:00</subfield>
    <subfield code="w">2015-02-09</subfield>
    <subfield code="y">BK</subfield>
  </datafield>
  <datafield tag="999" ind1=" " ind2=" ">
    <subfield code="c">5158</subfield>
    <subfield code="d">5158</subfield>
  </datafield>
</record>
